000 00807nam a2200205 i 4500
001 77842
003 ES-MaACL
005 20250801223403.0
007 t|
008 041111s1919 sp ||||1| spa d
100 1 _aMarden, Orison Swett.
_976564
245 1 3 _aLa obra maestra de la vida
_b: libro para el perfeccionamiento de nuestro carácter y afirmación de nuestra personalidad /
_coriginal de Orison Swett Marden ; traducción directa del inglés por Federico Climent Terrer.
260 _aBarcelona :
_bLibrería Parera,
_c1919 (
_fSobs. de López Robert y Cª)
300 _a347 p. ;
_c18 cm.
500 _aCon retrato del autor.
650 0 4 _aVoluntad.
_917848
700 1 _aCliment Terrer, Federico,
_d1860-ca. 1949
_939265
852 _aES-MaACL
_jE-10329
_bR.133718
999 _c77842
_d77842